000 01378cam a2200253 4500
001 L159711
008 171214n2018 000 0 eng u
020 _a9781119415541
035 _a(Sirsi) u159711
041 0 _aeng
050 0 4 _a692.8 $2 18
100 1 _aChappell, David
245 0 4 _aThe JCT Minor Works Building Contracts 2016
250 _a5th ed.
260 _aOxford
_bWiley Blackwell
_c2018
300 _axi, 248p.
_c25cm.
505 1 _aThe purpose and use of MW and MWD -- Contract comparisons -- Contract documents and insurance -- Architect -- Contractor -- Employer -- Quantity surveyor and clerk of works -- Subcontractors and suppliers -- Possession, completion and defects -- Claims -- Payment -- Termination -- Contractor's designed portion -- Dispute resolution procedures -- Table of cases
520 _aDiscusses the practical applications of the JCT Minor Works Building Contract (2016 Edition) and with Contractor's Design (2016 Edition). Outlines the legal aspects of the form, with reference to flow charts, tables and sample letters. Takes into account around 70 new cases and the CDM 2015 Regulations..
650 2 4 _aJCT MINOR WORKS BUILDING CONTRACT (2016 EDITION)
650 2 4 _aJCT MINOR WORKS BUILDING CONTRACT WITH CONTRACTOR'S DESIGN (2016 EDITION)
651 4 _aUnited Kingdom
690 _aContracts
_96232
942 _n0
_2ddc
999 _c116093
_d116093